[Event "Liberec Open 2018"]
[Site "Liberec CZE"]
[Date "2018.02.27"]
[Round "5.4"]
[White "Czopor, Maciej"]
[Black "Bradac, Daniel"]
[Result "1-0"]
[WhiteElo "2144"]
[BlackElo "2011"]
[PlyCount "65"]
[EventDate "2018.02.24"]
[EventCountry "CZE"]
[SourceTitle "Ajedrez en Madrid"]
[Source "lmi"]
[SourceDate "2018.02.24"]

1. e4 d5 2. exd5 Qxd5 3. Nc3 Qd8 4. d4 Bf5 5. Nf3 Nf6 6. Bd3 Bg6 7. O-O e6 8.
Re1 Be7 9. Bxg6 hxg6 10. Qe2 c6 11. Bd2 Nbd7 12. Rad1 Qc7 13. h3 Nd5 14. Ne4
N7f6 15. Neg5 Bd6 16. c4 Nf4 17. Bxf4 Bxf4 18. d5 Rh5 19. Ne4 cxd5 20. Nxf6+
gxf6 21. cxd5 Be5 22. dxe6 fxe6 23. Qd3 Qf7 24. Nxe5 Rxe5 25. Rxe5 fxe5 26.
Qb5+ Kf8 27. Qxe5 Kg8 28. Rd4 Rf8 29. f3 Qe7 30. Rc4 Rd8 31. Rc7 Rd7 32. Rc8+
Rd8 33. Qc7 1-0

[Event "Liberec Open 2018"]
[Site "Liberec CZE"]
[Date "2018.02.27"]
[Round "5.6"]
[White "Strzelecki, Jerzy"]
[Black "Bednar, Marcel"]
[Result "1/2-1/2"]
[WhiteElo "2019"]
[BlackElo "2246"]
[PlyCount "81"]
[EventDate "2018.02.24"]
[EventCountry "CZE"]
[SourceTitle "Ajedrez en Madrid"]
[Source "lmi"]
[SourceDate "2018.02.24"]

1. c4 Nf6 2. Nc3 g6 3. d4 d5 4. cxd5 Nxd5 5. e4 Nxc3 6. bxc3 Bg7 7. Nf3 c5 8.
Bb5+ Nc6 9. O-O O-O 10. Be3 Qa5 11. Qe2 Bg4 12. Bxc6 bxc6 13. Rac1 Rfd8 14.
Rfd1 Qa4 15. h3 Be6 16. Rd2 h6 17. Qd1 Qc4 18. Qc2 Rd7 19. Rcd1 Rad8 20. Ne5
Bxe5 21. dxe5 Rxd2 22. Rxd2 Rxd2 23. Qxd2 Qxe4 24. Bxc5 Bd5 25. f3 Qb1+ 26. Kf2
Qxa2 27. Qxa2 Bxa2 28. Bxa7 h5 29. Bc5 Kf8 30. h4 Ke8 31. Ke3 Kd7 32. g4 Ke6
33. gxh5 gxh5 34. Ba3 Kxe5 35. Bxe7 Bd5 36. Bg5 Kf5 37. Bd8 Ke5 38. Bc7+ Kf5
39. Bd8 Ke5 40. Bc7+ Kf5 41. Bd8 1/2-1/2

[Event "Liberec Open 2018"]
[Site "Liberec CZE"]
[Date "2018.02.27"]
[Round "5.7"]
[White "Moravec, Vit"]
[Black "Domanski, Lukasz"]
[Result "1-0"]
[WhiteElo "2211"]
[BlackElo "2007"]
[PlyCount "51"]
[EventDate "2018.02.24"]
[EventCountry "CZE"]
[SourceTitle "Ajedrez en Madrid"]
[Source "lmi"]
[SourceDate "2018.02.24"]

1. g3 d6 2. Bg2 e5 3. c4 g6 4. Nc3 Bg7 5. e3 Be6 6. b3 Nc6 7. Nge2 Nge7 8. e4
f5 9. f3 fxe4 10. fxe4 O-O 11. d3 Nd4 12. Nxd4 exd4 13. Nd5 c6 14. Nf4 Qd7 15.
O-O d5 16. Nxe6 Rxf1+ 17. Qxf1 Qxe6 18. exd5 cxd5 19. Bg5 Rf8 20. Qe1 Qxe1+ 21.
Rxe1 Nc6 22. Bxd5+ Kh8 23. Bxc6 bxc6 24. Kg2 Kg8 25. Re6 c5 26. Re7 1-0

[Event "Liberec Open 2018"]
[Site "Liberec CZE"]
[Date "2018.02.27"]
[Round "5.8"]
[White "Spicka, Jan"]
[Black "Wiley, Thomas"]
[Result "1/2-1/2"]
[WhiteElo "1992"]
[BlackElo "2190"]
[PlyCount "47"]
[EventDate "2018.02.24"]
[EventCountry "CZE"]
[SourceTitle "Ajedrez en Madrid"]
[Source "lmi"]
[SourceDate "2018.02.24"]

1. e4 e6 2. d4 d5 3. Nd2 Nc6 4. Ngf3 Nf6 5. e5 Nd7 6. Bd3 f6 7. Ng5 Ndxe5 8.
dxe5 fxg5 9. Qh5+ g6 10. Bxg6+ Kd7 11. O-O Nxe5 12. Bd3 Bd6 13. Nf3 Nxf3+ 14.
Qxf3 c6 15. c4 h6 16. Be3 Rf8 17. Qh3 Qf6 18. cxd5 cxd5 19. Rac1 Ke7 20. Bc5 e5
21. Qe3 b6 22. Bxd6+ Qxd6 23. Rfe1 Be6 24. Qxe5 1/2-1/2

[Event "Liberec Open 2018"]
[Site "Liberec CZE"]
[Date "2018.02.27"]
[Round "5.9"]
[White "Miozga, Tomasz"]
[Black "Steiner, Bruno"]
[Result "0-1"]
[WhiteElo "1976"]
[BlackElo "2150"]
[PlyCount "78"]
[EventDate "2018.02.24"]
[EventCountry "CZE"]
[SourceTitle "Ajedrez en Madrid"]
[Source "lmi"]
[SourceDate "2018.02.24"]

1. d4 d5 2. c4 e6 3. cxd5 exd5 4. Nc3 Nf6 5. Bg5 c6 6. Qc2 Nbd7 7. e3 Be7 8.
Bd3 h6 9. Bh4 Nh5 10. Bxe7 Qxe7 11. Nge2 Nb6 12. a3 O-O 13. O-O Bd7 14. Ng3
Nxg3 15. hxg3 Rae8 16. Bf5 Bxf5 17. Qxf5 Nc4 18. Qc2 h5 19. Rfe1 Nd6 20. Qe2
Qg5 21. Qf3 Qg6 22. Ne2 Qh6 23. Nf4 g6 24. Nd3 g5 25. g4 hxg4 26. Qg3 f5 27.
Qh2 Qxh2+ 28. Kxh2 Kg7 29. f3 gxf3 30. gxf3 Nc4 31. f4 Rh8+ 32. Kg3 g4 33. Ne5
Rh3+ 34. Kf2 Rh2+ 35. Kf1 Nd2+ 36. Kg1 Reh8 37. e4 Nf3+ 38. Nxf3 gxf3 39. Kf1
Rg2 0-1

[Event "Liberec Open 2018"]
[Site "Liberec CZE"]
[Date "2018.02.27"]
[Round "5.10"]
[White "Gurack, Daniel"]
[Black "Grzesik, Norbert"]
[Result "1-0"]
[WhiteElo "2084"]
[BlackElo "1996"]
[PlyCount "63"]
[EventDate "2018.02.24"]
[EventCountry "CZE"]
[SourceTitle "Ajedrez en Madrid"]
[Source "lmi"]
[SourceDate "2018.02.24"]

1. e4 d6 2. d4 Nf6 3. Nc3 g6 4. Nf3 Bg7 5. Be2 O-O 6. h3 a6 7. a4 Nc6 8. O-O
Re8 9. Bf4 e6 10. Re1 b6 11. Qd2 Bb7 12. Bg5 e5 13. dxe5 Nxe5 14. Nxe5 dxe5 15.
Bd3 Qd6 16. Qe3 Rad8 17. Qe2 Ra8 18. Bc4 Qb4 19. Ra3 h6 20. Rb3 Qe7 21. Bxf6
Qxf6 22. Nd5 Bxd5 23. Bxd5 Ra7 24. Rf3 Qe7 25. Rxf7 Qxf7 26. Bxf7+ Kxf7 27.
Qc4+ Re6 28. Rd1 Ke7 29. Rd8 b5 30. Re8+ Kxe8 31. Qxe6+ Kf8 32. Qc8+ 1-0

[Event "Liberec Open 2018"]
[Site "Liberec CZE"]
[Date "2018.02.27"]
[Round "5.11"]
[White "Buchcar, Tomas"]
[Black "Hurtik, Matej"]
[Result "1-0"]
[WhiteElo "2151"]
[BlackElo "1590"]
[PlyCount "61"]
[EventDate "2018.02.24"]
[EventCountry "CZE"]
[SourceTitle "Ajedrez en Madrid"]
[Source "lmi"]
[SourceDate "2018.02.24"]

1. e3 Nf6 2. c4 g6 3. b3 Bg7 4. Bb2 O-O 5. Be2 d6 6. Nf3 Nc6 7. O-O e5 8. d3
Ne8 9. Nc3 f5 10. a3 g5 11. Qc2 g4 12. Nd2 Rf6 13. Nd5 Rh6 14. g3 Qg5 15. f4
Qd8 16. Rf2 Rg6 17. Raf1 h5 18. b4 Ne7 19. d4 Nxd5 20. cxd5 exf4 21. exf4 h4
22. Bd3 Qe7 23. Re2 Qf7 24. Rfe1 hxg3 25. Rxe8+ Kh7 26. hxg3 Rh6 27. Nf1 Qxd5
28. R1e4 Bd7 29. Rxa8 Bc6 30. Ne3 Qf7 31. Nxf5 1-0

[Event "Liberec Open 2018"]
[Site "Liberec CZE"]
[Date "2018.02.27"]
[Round "5.12"]
[White "Kunc, Jan"]
[Black "Spik, Peter"]
[Result "1-0"]
[WhiteElo "1894"]
[BlackElo "1985"]
[PlyCount "97"]
[EventDate "2018.02.24"]
[EventCountry "CZE"]
[SourceTitle "Ajedrez en Madrid"]
[Source "lmi"]
[SourceDate "2018.02.24"]

1. e4 e6 2. d4 c5 3. Nf3 cxd4 4. Nxd4 Nc6 5. Nc3 Nf6 6. Ndb5 d6 7. Bf4 e5 8.
Bg5 a6 9. Na3 Be7 10. Bxf6 Bxf6 11. Nc4 Be7 12. Nd5 b5 13. Ncb6 Rb8 14. Nxc8
Rxc8 15. c3 O-O 16. Bd3 Na5 17. O-O Nc4 18. Bxc4 Rxc4 19. Qd3 Re8 20. Rfd1 Bf8
21. a4 Qh4 22. f3 Re6 23. axb5 axb5 24. Ne3 Rc5 25. Nf5 Qd8 26. Kh1 g6 27. Ne3
Qb8 28. Nd5 Kg7 29. Ra6 Re8 30. b4 Qb7 31. bxc5 Qxa6 32. Nc7 Qc6 33. Nxe8+ Qxe8
34. cxd6 Qd7 35. Qd5 Kf6 36. Qc5 Qe6 37. Qxb5 Bxd6 38. Qd5 Bc7 39. Qxe6+ Kxe6
40. Kg1 Ba5 41. c4 h5 42. Kf2 f5 43. c5 fxe4 44. fxe4 g5 45. Rd6+ Ke7 46. Rg6
Bd2 47. Ke2 Bc1 48. Kd3 Kd7 49. Kc4 1-0

[Event "Liberec Open 2018"]
[Site "Liberec CZE"]
[Date "2018.02.27"]
[Round "5.14"]
[White "Vorsilka, Jiri"]
[Black "Wietschke, Rolf"]
[Result "1/2-1/2"]
[WhiteElo "1608"]
[BlackElo "1930"]
[PlyCount "47"]
[EventDate "2018.02.24"]
[EventCountry "CZE"]
[SourceTitle "Ajedrez en Madrid"]
[Source "lmi"]
[SourceDate "2018.02.24"]

1. e4 b6 2. d4 Bb7 3. Nc3 e6 4. Nf3 Bb4 5. Bd3 Nf6 6. e5 Ne4 7. Bxe4 Bxe4 8.
Bd2 Bxf3 9. Qxf3 Nc6 10. Qg4 g6 11. Bg5 Be7 12. Bxe7 Qxe7 13. O-O-O O-O 14. Ne4
d6 15. Nf6+ Kg7 16. Nh5+ Kh8 17. exd6 cxd6 18. Qf3 Nb4 19. a3 Nd5 20. Nf4 Qg5
21. g3 Nxf4 22. Qxf4 Qxf4+ 23. gxf4 d5 24. h4 1/2-1/2

[Event "Liberec Open 2018"]
[Site "Liberec CZE"]
[Date "2018.02.27"]
[Round "5.15"]
[White "Bruna, Matous"]
[Black "Hlavina, Matous"]
[Result "0-1"]
[WhiteElo "1397"]
[BlackElo "1820"]
[PlyCount "58"]
[EventDate "2018.02.24"]
[EventCountry "CZE"]
[SourceTitle "Ajedrez en Madrid"]
[Source "lmi"]
[SourceDate "2018.02.24"]

1. e4 e6 2. d4 d5 3. exd5 exd5 4. Bd3 c5 5. c3 Nf6 6. Nf3 Bd6 7. O-O O-O 8. h3
Nc6 9. Be3 b6 10. Qc2 c4 11. Be2 Ne7 12. Nbd2 Bf5 13. Qd1 Ng6 14. Re1 Re8 15.
Bg5 h6 16. Bxf6 Qxf6 17. Nf1 Nf4 18. Ne3 Bxh3 19. g3 Nxe2+ 20. Qxe2 Qd8 21. Qd2
Bd7 22. Nh4 Qg5 23. Rad1 Re4 24. Nf3 Qh5 25. Qe2 Bg4 26. Kg2 Qh3+ 27. Kg1 Bf4
28. b3 Bxe3 29. fxe3 Qxg3+ 0-1

[Event "Liberec Open 2018"]
[Site "Liberec CZE"]
[Date "2018.02.27"]
[Round "5.16"]
[White "Aird, Ian"]
[Black "Masek, Stanislav"]
[Result "1-0"]
[WhiteElo "1828"]
[BlackElo "1576"]
[PlyCount "63"]
[EventDate "2018.02.24"]
[EventCountry "CZE"]
[SourceTitle "Ajedrez en Madrid"]
[Source "lmi"]
[SourceDate "2018.02.24"]

1. c4 d6 2. Nc3 e5 3. Nf3 f5 4. d4 e4 5. Ng5 Be7 6. Nh3 Nf6 7. e3 O-O 8. Be2 c6
9. Nf4 Na6 10. d5 c5 11. Bd2 Nc7 12. Qc2 Re8 13. h3 a6 14. O-O-O Rb8 15. g4 g6
16. gxf5 Bxf5 17. Bg4 Qc8 18. Bxf5 Qxf5 19. Nce2 Nh5 20. Nxh5 Qxh5 21. Ng3 Qf3
22. Nxe4 Bf8 23. Ng5 Qxf2 24. Rdf1 Qh4 25. Rhg1 b5 26. Rg4 Qh6 27. Nxh7 Kxh7
28. Rf7+ Bg7 29. Rxc7 bxc4 30. Qxc4 g5 31. Bc3 Rg8 32. h4 1-0

[Event "Liberec Open 2018"]
[Site "Liberec CZE"]
[Date "2018.02.27"]
[Round "5.17"]
[White "Kopecky, Zdenek"]
[Black "Reinhardt, Michael"]
[Result "0-1"]
[WhiteElo "1579"]
[BlackElo "1749"]
[PlyCount "52"]
[EventDate "2018.02.24"]
[EventCountry "CZE"]
[SourceTitle "Ajedrez en Madrid"]
[Source "lmi"]
[SourceDate "2018.02.24"]

1. d4 f5 2. c4 Nf6 3. Nc3 e6 4. Nf3 d5 5. e3 c6 6. Be2 Bd6 7. Bd2 O-O 8. O-O
Nbd7 9. c5 Bc7 10. b4 Ne4 11. Nxe4 fxe4 12. Ne1 e5 13. Bc3 Qg5 14. g3 Nf6 15.
Ng2 Bh3 16. Bd2 Ng4 17. Bxg4 Bxg4 18. Qe1 Bf3 19. h4 Qg4 20. Kh2 Rf6 21. Rh1
Raf8 22. Kg1 exd4 23. exd4 Bxg2 24. Kxg2 Rxf2+ 25. Qxf2 Rxf2+ 26. Kxf2 Bxg3+
0-1

[Event "Liberec Open 2018"]
[Site "Liberec CZE"]
[Date "2018.02.27"]
[Round "5.18"]
[White "Jina, Lubos"]
[Black "Hercik, Petr"]
[Result "1-0"]
[WhiteElo "1702"]
[BlackElo "1569"]
[PlyCount "54"]
[EventDate "2018.02.24"]
[EventCountry "CZE"]
[SourceTitle "Ajedrez en Madrid"]
[Source "lmi"]
[SourceDate "2018.02.24"]

1. d4 d5 2. Nf3 Nf6 3. Bg5 e6 4. e3 Be7 5. Bd3 h6 6. Bh4 O-O 7. Nbd2 c5 8. c3
cxd4 9. exd4 Re8 10. O-O Nc6 11. Bc2 a6 12. Re1 b5 13. Ne5 Bb7 14. Ndf3 Rc8 15.
Nxc6 Bxc6 16. Ne5 Bb7 17. f3 Nd7 18. Bxe7 Qxe7 19. Nxd7 Qxd7 20. Qd3 g6 21. f4
Qc7 22. Qg3 b4 23. Re3 a5 24. Rae1 Qd6 25. Bxg6 fxg6 26. Qxg6+ Kh8 27. Qxh6+
Kg8 1-0

[Event "Liberec Open 2018"]
[Site "Liberec CZE"]
[Date "2018.02.27"]
[Round "5.19"]
[White "Krueger, Thomas"]
[Black "Hauser, Matthias"]
[Result "1/2-1/2"]
[WhiteElo "1593"]
[BlackElo "1359"]
[PlyCount "33"]
[EventDate "2018.02.24"]
[EventCountry "CZE"]
[SourceTitle "Ajedrez en Madrid"]
[Source "lmi"]
[SourceDate "2018.02.24"]

1. d4 d5 2. Nf3 Nf6 3. e3 Nc6 4. Bd3 e6 5. O-O Bd6 6. c3 O-O 7. Re1 a6 8. Nbd2
Re8 9. e4 dxe4 10. Nxe4 h6 11. Bc2 Nxe4 12. Rxe4 f6 13. Qd3 f5 14. Re1 Qf6 15.
d5 Ne5 16. Nxe5 Bxe5 17. f4 1/2-1/2

[Event "Liberec Open 2018"]
[Site "Liberec CZE"]
[Date "2018.02.28"]
[Round "6.1"]
[White "Chakravarthi Reddy, M."]
[Black "Plischki, Sebastian"]
[Result "1/2-1/2"]
[WhiteElo "2380"]
[BlackElo "2400"]
[PlyCount "34"]
[EventDate "2018.02.24"]
[EventCountry "CZE"]
[SourceTitle "Ajedrez en Madrid"]
[Source "lmi"]
[SourceDate "2018.02.24"]

1. d4 Nf6 2. c4 e6 3. Nf3 d5 4. Nc3 Be7 5. Bg5 Nbd7 6. cxd5 Nxd5 7. Bd2 O-O 8.
e4 Nxc3 9. bxc3 c5 10. Bd3 cxd4 11. cxd4 e5 12. dxe5 Nxe5 13. Nxe5 Bf6 14. Bf4
Bxe5 15. Bxe5 Qa5+ 16. Qd2 Qxe5 17. O-O Be6 1/2-1/2

[Event "Liberec Open 2018"]
[Site "Liberec CZE"]
[Date "2018.02.28"]
[Round "6.2"]
[White "Jedynak, Radoslaw"]
[Black "Parligras, Cosmin"]
[Result "1/2-1/2"]
[WhiteElo "2342"]
[BlackElo "2214"]
[PlyCount "39"]
[EventDate "2018.02.24"]
[EventCountry "CZE"]
[SourceTitle "Ajedrez en Madrid"]
[Source "lmi"]
[SourceDate "2018.02.24"]

1. d4 Nf6 2. c4 e6 3. Nf3 b6 4. g3 Bb7 5. Bg2 Bb4+ 6. Bd2 Be7 7. O-O O-O 8. Nc3
d5 9. cxd5 exd5 10. Ne5 Nbd7 11. Qa4 Nxe5 12. dxe5 Ne8 13. Rad1 c6 14. b4 Nc7
15. Be3 Qe8 16. Qb3 Ba6 17. f4 Bc4 18. Qb2 f6 19. a4 fxe5 20. fxe5 1/2-1/2

[Event "Liberec Open 2018"]
[Site "Liberec CZE"]
[Date "2018.02.28"]
[Round "6.3"]
[White "Czopor, Maciej"]
[Black "Moravec, Vit"]
[Result "1/2-1/2"]
[WhiteElo "2144"]
[BlackElo "2211"]
[PlyCount "120"]
[EventDate "2018.02.24"]
[EventCountry "CZE"]
[SourceTitle "Ajedrez en Madrid"]
[Source "lmi"]
[SourceDate "2018.02.24"]

1. e4 c5 2. Nf3 Nc6 3. d4 cxd4 4. Nxd4 g6 5. c4 Bg7 6. Be3 d6 7. Nc3 Nf6 8. Be2
O-O 9. O-O Bd7 10. h3 Nxd4 11. Bxd4 Bc6 12. Qc2 a5 13. Rad1 Nd7 14. Bxg7 Kxg7
15. Bg4 Nc5 16. e5 Qc7 17. exd6 exd6 18. Qd2 Rad8 19. Qd4+ Kg8 20. Rfe1 Rfe8
21. Rxe8+ Rxe8 22. Qxd6 Qxd6 23. Rxd6 Ne4 24. Rd3 Nxc3 25. Rxc3 Re1+ 26. Kh2 a4
27. b4 f5 28. Bf3 Rb1 29. b5 Bxf3 30. gxf3 Kf7 31. Kg3 g5 32. f4 gxf4+ 33. Kxf4
Rb2 34. Kxf5 Rxf2+ 35. Ke5 Ke7 36. Ra3 Kd7 37. Rxa4 Rf3 38. c5 Rxh3 39. Rd4+
Kc7 40. Kd5 Ra3 41. Rd2 h5 42. Rh2 Kd7 43. Kc4 Ra8 44. Kb4 h4 45. a4 Rh8 46.
Rh3 Kc7 47. Kc4 Rh5 48. Kb4 Rh6 49. Kc3 Rh7 50. Kd3 Rh5 51. Kd4 Kd7 52. Kc4 Kc7
53. Kb4 Rh6 54. a5 Rh5 55. a6 bxa6 56. bxa6 Kc6 57. Ra3 Rh8 58. Rh3 Rh5 59. Ra3
Rh8 60. Rh3 Rh5 1/2-1/2

[Event "Liberec Open 2018"]
[Site "Liberec CZE"]
[Date "2018.02.28"]
[Round "6.4"]
[White "Gurack, Daniel"]
[Black "Balinski, Damian"]
[Result "0-1"]
[WhiteElo "2084"]
[BlackElo "2164"]
[PlyCount "88"]
[EventDate "2018.02.24"]
[EventCountry "CZE"]
[SourceTitle "Ajedrez en Madrid"]
[Source "lmi"]
[SourceDate "2018.02.24"]

1. e4 d6 2. d4 Nf6 3. Nc3 g6 4. f4 Bg7 5. Nf3 O-O 6. Be2 c5 7. e5 Nfd7 8. e6
fxe6 9. Ng5 Nf6 10. dxc5 dxc5 11. Qxd8 Rxd8 12. Bc4 Nd5 13. Bd2 Nc6 14. O-O-O
a6 15. Na4 h6 16. Nf3 b5 17. Bxd5 exd5 18. Nxc5 Bg4 19. Rde1 Rdc8 20. Ne6 Bf6
21. h3 Bf5 22. Kb1 Kf7 23. Nc5 Nd4 24. Nxd4 Bxd4 25. Nd3 a5 26. Be3 Bg7 27. Re2
Rc7 28. Rd1 b4 29. Nf2 Rac8 30. Nd3 Rc4 31. g4 Be4 32. Ne1 a4 33. Kc1 b3 34.
axb3 axb3 35. c3 Ra8 36. Rf2 Ra1+ 37. Kd2 Ra2 38. Nd3 Bxc3+ 39. Ke2 Bxb2 40.
Kf1 Bxd3+ 41. Rxd3 Rc3 42. Rdd2 Rxe3 43. Rxb2 Rxb2 44. Rxb2 Rxh3 0-1

[Event "Liberec Open 2018"]
[Site "Liberec CZE"]
[Date "2018.02.28"]
[Round "6.5"]
[White "Dzikowski, Michal"]
[Black "Saglam, Buelent"]
[Result "1/2-1/2"]
[WhiteElo "2158"]
[BlackElo "2083"]
[PlyCount "90"]
[EventDate "2018.02.24"]
[EventCountry "CZE"]
[SourceTitle "Ajedrez en Madrid"]
[Source "lmi"]
[SourceDate "2018.02.24"]

1. d4 Nf6 2. Nf3 g6 3. g3 b6 4. Bg2 Bb7 5. O-O c5 6. c3 Bg7 7. Re1 O-O 8. Nbd2
cxd4 9. cxd4 d5 10. Ne5 Nc6 11. Ndf3 Rc8 12. Nxc6 Bxc6 13. Ne5 Bb7 14. Qa4 a6
15. Bf4 b5 16. Qb3 Nd7 17. a4 Nxe5 18. dxe5 e6 19. axb5 Qb6 20. Be3 Qxb5 21.
Qxb5 axb5 22. Bd4 f6 23. Bh3 f5 24. e3 Rf7 25. Bf1 b4 26. Rec1 Rfc7 27. Rxc7
Rxc7 28. Ra7 Bf8 29. Kg2 Rf7 30. Bb5 Bc8 31. Rxf7 Kxf7 32. f4 Ke7 33. Kf2 Bd7
34. Bc5+ Kd8 35. Bxf8 Bxb5 36. Bxb4 Bc4 37. Kg2 Ke8 38. Kh3 Bf1+ 39. Kh4 h5 40.
h3 Be2 41. Kg5 Kf7 42. Bc5 Bf1 43. g4 hxg4 44. hxg4 Bd3 45. b4 Bc4 1/2-1/2

[Event "Liberec Open 2018"]
[Site "Liberec CZE"]
[Date "2018.02.28"]
[Round "6.6"]
[White "Steiner, Bruno"]
[Black "Ochedzan, Tymon"]
[Result "1/2-1/2"]
[WhiteElo "2150"]
[BlackElo "1979"]
[PlyCount "114"]
[EventDate "2018.02.24"]
[EventCountry "CZE"]
[SourceTitle "Ajedrez en Madrid"]
[Source "lmi"]
[SourceDate "2018.02.24"]

1. c4 Nf6 2. Nc3 g6 3. e4 d6 4. d4 Bg7 5. h3 O-O 6. Be3 c5 7. d5 e6 8. Bd3 exd5
9. exd5 Na6 10. a3 Re8 11. Nf3 Nc7 12. O-O a6 13. Qd2 Rb8 14. Bg5 b5 15. Rae1
bxc4 16. Bxc4 Bb7 17. Qf4 Rxe1 18. Rxe1 h6 19. Bxh6 Ncxd5 20. Bxd5 Nxd5 21.
Nxd5 Bxd5 22. Bxg7 Kxg7 23. Ng5 Qf6 24. Qg3 Bc6 25. Qh4 Rh8 26. Qg4 Rb8 27. b4
cxb4 28. axb4 Rb5 29. h4 Rf5 30. Qc4 Bd5 31. Qc2 Rf4 32. Rd1 Bb7 33. Qc7 Rxb4
34. Qxd6 Rxh4 35. Nxf7 Qxf7 36. Qe5+ Kh7 37. Rd8 Qg7 38. Qxg7+ Kxg7 39. Rd7+
Kh6 40. Rxb7 a5 41. Ra7 a4 42. f3 Rb4 43. Ra8 g5 44. g3 Kg6 45. Kg2 g4 46. f4
Rb2+ 47. Kf1 Rb3 48. Rxa4 Rxg3 49. Kf2 Rf3+ 50. Kg2 Kf5 51. Rb4 Rxf4 52. Rxf4+
Kxf4 53. Kf2 g3+ 54. Kg2 Kg4 55. Kg1 Kh3 56. Kh1 g2+ 57. Kg1 Kg3 1/2-1/2

[Event "Liberec Open 2018"]
[Site "Liberec CZE"]
[Date "2018.02.28"]
[Round "6.7"]
[White "Bradac, Daniel"]
[Black "Certek, Pavel"]
[Result "1/2-1/2"]
[WhiteElo "2011"]
[BlackElo "2256"]
[PlyCount "104"]
[EventDate "2018.02.24"]
[EventCountry "CZE"]
[SourceTitle "Ajedrez en Madrid"]
[Source "lmi"]
[SourceDate "2018.02.24"]

1. e4 c5 2. Nf3 Nc6 3. d3 g6 4. g3 Bg7 5. Bg2 Nf6 6. O-O O-O 7. c3 e5 8. Nbd2
d5 9. Re1 Re8 10. Qb3 d4 11. c4 Rb8 12. a3 a6 13. Qc2 Bf8 14. Nf1 b5 15. b3
bxc4 16. bxc4 Re7 17. Bg5 Reb7 18. Rab1 h6 19. Bd2 Qc7 20. Nh4 Kh7 21. f4 Bd6
22. f5 Bf8 23. h3 Rxb1 24. Rxb1 Rxb1 25. Qxb1 Qb7 26. Qc2 Bd7 27. g4 g5 28. Nf3
Ne8 29. Ng3 f6 30. h4 Be7 31. Bf1 Nd8 32. Be1 Nf7 33. Qh2 Kg8 34. hxg5 hxg5 35.
Qh5 Ng7 36. Qg6 Nh8 37. Qh6 Nf7 38. Qg6 Nh8 39. Qh6 Qc6 40. Qh2 Nf7 41. Nh5
Nxh5 42. Qxh5 Bd8 43. Qg6+ Kf8 44. Qh7 Be8 45. Be2 Qd7 46. Bd2 Qa4 47. Qg6 Qc6
48. Qh7 Qd7 49. Kf2 Qa4 50. Qg6 Qc6 51. Qh7 Qa4 52. Qg6 Qc6 1/2-1/2

[Event "Liberec Open 2018"]
[Site "Liberec CZE"]
[Date "2018.02.28"]
[Round "6.8"]
[White "Bednar, Marcel"]
[Black "Spicka, Jan"]
[Result "1-0"]
[WhiteElo "2246"]
[BlackElo "1992"]
[PlyCount "71"]
[EventDate "2018.02.24"]
[EventCountry "CZE"]
[SourceTitle "Ajedrez en Madrid"]
[Source "lmi"]
[SourceDate "2018.02.24"]

1. d4 Nf6 2. Nf3 g6 3. Nc3 Bg7 4. Bf4 d6 5. Qd2 Bg4 6. O-O-O Nbd7 7. Bh6 O-O 8.
Ne1 c5 9. Bxg7 Kxg7 10. d5 Nb6 11. f3 Bd7 12. e4 Na4 13. h4 Qa5 14. Nxa4 Qxa4
15. Kb1 Rac8 16. c4 b5 17. Rc1 Qa6 18. h5 Rh8 19. h6+ Kf8 20. Nc2 bxc4 21. Ne3
Bb5 22. Rc3 Qb7 23. Bxc4 Bxc4 24. Nxc4 Nd7 25. Rb3 Qc7 26. Na5 Rb8 27. Ra3 Ra8
28. Rc1 f6 29. f4 Kf7 30. Qe2 Rhb8 31. Nc6 Rb7 32. Qg4 Nf8 33. e5 dxe5 34. fxe5
f5 35. Qf3 e6 36. d6 1-0

[Event "Liberec Open 2018"]
[Site "Liberec CZE"]
[Date "2018.02.28"]
[Round "6.9"]
[White "Wiley, Thomas"]
[Black "Strzelecki, Jerzy"]
[Result "0-1"]
[WhiteElo "2190"]
[BlackElo "2019"]
[PlyCount "74"]
[EventDate "2018.02.24"]
[EventCountry "CZE"]
[SourceTitle "Ajedrez en Madrid"]
[Source "lmi"]
[SourceDate "2018.02.24"]

1. d4 e6 2. c4 Nf6 3. Nf3 Nc6 4. d5 Bb4+ 5. Bd2 exd5 6. Bxb4 Nxb4 7. a3 Na6 8.
cxd5 c5 9. Nc3 O-O 10. e3 d6 11. Bc4 Nc7 12. O-O Bg4 13. h3 Bh5 14. a4 Re8 15.
Be2 Ne4 16. Rc1 a6 17. a5 Rb8 18. b3 Bxf3 19. Bxf3 Nxc3 20. Rxc3 Nb5 21. Rc4
Qxa5 22. Be4 g6 23. h4 Qd8 24. Qg4 Qf6 25. h5 Re5 26. hxg6 hxg6 27. f4 Rh5 28.
Qg3 Kg7 29. Bf3 Rh6 30. e4 Qb2 31. Bg4 Rbh8 32. Bh3 Nd4 33. Kh1 Qe2 34. Re1
Rxh3+ 35. Qxh3 Rxh3+ 36. gxh3 Qxe1+ 37. Kh2 Qf2+ 0-1

[Event "Liberec Open 2018"]
[Site "Liberec CZE"]
[Date "2018.02.28"]
[Round "6.10"]
[White "Czarniecka, Aleksandra"]
[Black "Buchcar, Tomas"]
[Result "1-0"]
[WhiteElo "1964"]
[BlackElo "2151"]
[PlyCount "131"]
[EventDate "2018.02.24"]
[EventCountry "CZE"]
[SourceTitle "Ajedrez en Madrid"]
[Source "lmi"]
[SourceDate "2018.02.24"]

1. e4 c5 2. Nf3 e6 3. d4 cxd4 4. Nxd4 a6 5. c4 Nf6 6. Nc3 d6 7. Be2 Be7 8. Be3
Qc7 9. O-O O-O 10. Rc1 b6 11. a3 Bb7 12. f3 Nbd7 13. b4 Rac8 14. Qd2 Qb8 15.
Nb3 Bd8 16. Kh1 Re8 17. Rfd1 Bc7 18. Bf4 d5 19. Bxc7 Rxc7 20. exd5 exd5 21.
Nxd5 Nxd5 22. cxd5 Bxd5 23. Qxd5 Rxe2 24. h3 Nf8 25. Nd4 Rxc1 26. Nxe2 Rxd1+
27. Qxd1 Ne6 28. Nc3 b5 29. Ne4 h6 30. Qd7 Qf4 31. Qc8+ Kh7 32. Qc2 f5 33. Nc5
Nd4 34. Qd3 Qe5 35. Nxa6 Ne2 36. Qb1 g6 37. Qd1 h5 38. Nc5 Ng3+ 39. Kg1 Qe3+
40. Kh2 Qf2 41. Nd3 Nf1+ 42. Kh1 Qxg2+ 43. Kxg2 Ne3+ 44. Kg3 Nxd1 45. Ne1 g5
46. Nc2 h4+ 47. Kg2 Kg6 48. a4 Nc3 49. a5 Nd5 50. a6 Kf6 51. a7 Nb6 52. Nd4 Ke5
53. Nxb5 Na8 54. Kf2 Kf4 55. Nc3 Ke5 56. Ke3 Ke6 57. b5 Kd6 58. Ne2 Kd5 59. Nd4
Ke5 60. Nc6+ Kd6 61. Nd8 Ke7 62. Nb7 Kd7 63. Nc5+ Kd6 64. Na4 Kd5 65. b6 Kc6
66. f4 1-0

[Event "Liberec Open 2018"]
[Site "Liberec CZE"]
[Date "2018.02.28"]
[Round "6.11"]
[White "Peniska, Pavel"]
[Black "Malinovsky, Petr"]
[Result "1/2-1/2"]
[WhiteElo "1908"]
[BlackElo "2022"]
[PlyCount "52"]
[EventDate "2018.02.24"]
[EventCountry "CZE"]
[SourceTitle "Ajedrez en Madrid"]
[Source "lmi"]
[SourceDate "2018.02.24"]

1. d4 d5 2. Nf3 e6 3. c4 c6 4. Nc3 dxc4 5. e3 b5 6. a4 Bb4 7. Bd2 a5 8. axb5
Bxc3 9. Bxc3 cxb5 10. b3 Bb7 11. bxc4 b4 12. Bb2 Nf6 13. Bd3 Nbd7 14. O-O O-O
15. c5 Be4 16. Bb5 Qc7 17. h3 Rfb8 18. Ba4 h6 19. Qe2 Bc6 20. Rfc1 Ne4 21. Nd2
Ndf6 22. f3 Nxd2 23. Qxd2 Qd7 24. Qc2 Nd5 25. Kf2 Nc7 26. e4 Rd8 1/2-1/2

[Event "Liberec Open 2018"]
[Site "Liberec CZE"]
[Date "2018.02.28"]
[Round "6.12"]
[White "Haag, Guenter"]
[Black "Shanmukha Pulli"]
[Result "1/2-1/2"]
[WhiteElo "1948"]
[BlackElo "1654"]
[PlyCount "25"]
[EventDate "2018.02.24"]
[EventCountry "CZE"]
[SourceTitle "Ajedrez en Madrid"]
[Source "lmi"]
[SourceDate "2018.02.24"]

1. e4 c6 2. d4 d5 3. Nc3 dxe4 4. Nxe4 Nf6 5. Ng3 g6 6. c3 Bg7 7. Nf3 Bg4 8. h3
Bxf3 9. Qxf3 Nbd7 10. Bg5 O-O 11. Bxf6 exf6 12. O-O-O Qc7 13. Kb1 1/2-1/2